| 000 | 00488nam a22001697a 4500 | ||
|---|---|---|---|
| 008 | 230627b |||||||| |||| 00| 0 eng d | ||
| 040 |
_aNational Science Library _cNational Science Library |
||
| 080 |
_a070 _bP6 |
||
| 100 | _aDas, Bhagwan | ||
| 245 | _aसमाचारों की दुनिया | ||
| 246 | _aSamacharon ki Dunia | ||
| 260 |
_aNew Delhi: _bOmega Publications, _c2006 |
||
| 300 | _a206p. | ||
| 650 | _aCommunication | ||
| 653 | _aNews | ||
| 942 |
_2udc _cHBK |
||
| 999 |
_c47698 _d47698 |
||